|
|
|
|
| LEADER |
00000cam a2200000 a 4500 |
| 001 |
vtls001485182 |
| 003 |
SK-MaSNL |
| 005 |
20260301015231.0 |
| 008 |
240226s2004 xo gr 000 f slo |
| 015 |
|
|
|a SNBA2005/02-00788
|
| 020 |
|
|
|a 802201298X
|q (viazané)
|
| 035 |
|
|
|a SNK000440476
|
| 035 |
|
|
|a urn:nbn:sk:snk-am3j3gt
|
| 035 |
|
|
|a 57036669-E5F9-42E8-B6E4-4C39706A9E23
|
| 035 |
|
|
|a urn:nbn:sk:snk-am00ghbe
|
| 040 |
|
|
|a SNK
|b slo
|c SNK
|e AACR2
|
| 041 |
1 |
|
|a slo
|h eng
|
| 044 |
|
|
|a xo
|c SK
|
| 072 |
|
7 |
|a 821.111-3
|x Anglická próza, anglicky písaná
|2 konspekt
|
| 080 |
|
|
|a (0:82-312.4)
|2 1997
|
| 080 |
|
|
|a 821.111-31
|2 1997
|
| 080 |
|
|
|a 821.111-31
|2 2011
|
| 080 |
|
|
|a (0:82-312.4)
|2 2011
|
| 100 |
1 |
|
|a Christie, Agatha,
|d 1890-1976
|4 aut
|9 88099
|
| 240 |
1 |
4 |
|a The murder at the vicarage
|l Slovensky
|
| 245 |
1 |
0 |
|a Vražda na fare
|b prípady slečny Marplovej
|c Agatha Christie ; [z anglického originálu The murder at the vicarage preložila Katarína Jusková]
|
| 260 |
|
|
|a Bratislava
|b Slovenský spisovateľ
|c 2004
|
| 300 |
|
|
|a 192 strán
|c 21 cm
|
| 490 |
1 |
|
|a Zelená knižnica
|
| 655 |
|
7 |
|a anglické romány
|2 SNKPH
|9 70428
|
| 655 |
|
7 |
|a detektívne romány
|2 SNKPH
|9 70455
|
| 700 |
1 |
|
|a Jusková, Katarína,
|d 1947-
|4 trl
|9 7514
|
| 830 |
|
0 |
|a Zelená knižnica
|9 276858
|
| 919 |
|
|
|a 80-220-1298-X
|
| 958 |
|
|
|a TL
|
| 958 |
|
|
|a LX
|
| 958 |
|
|
|a UP
|
| 958 |
|
|
|a OND
|
| 999 |
|
|
|c 560352
|d 562282
|
| 952 |
|
|
|t P60, <03>, [BOOK], {603}, -K-
|a SNK
|b SNK
|y PREZ
|7 0
|p 17A0450461
|o snkSC 117876
|i snkKSP 14245/2004
|0 0
|1 0
|4 0
|d 2004-11-09
|f 1
|l 0
|r 2025-10-07 00:00:00
|w 2026-02-23
|
| 952 |
|
|
|a SNK
|b SNK
|y PREZ
|7 0
|p 17A0457210
|o snkSC 117876 D1
|i snk2005/1150
|8 0
|0 0
|1 0
|4 0
|d 2005-01-25
|l 0
|r 2026-02-23 13:39:48
|w 2026-02-23
|